[Event "VI Festival"]
[Site "Rocca Priora "]
[Date "2012.08.14"]
[Round "5"]
[White "Napoli, Nicolo"]
[Black "Pescatore, Lorenzo"]
[Result "1-0"]
[WhiteElo "2314"]
[BlackElo "2170"]
[PlyCount "57"]
[EventDate "2012.08.11"]
[EventCountry "ITA"]
[SourceDate "2005.09.12"]

1. d4 Nf6 2. Nc3 d5 3. Bg5 Nbd7 4. e3 c6 5. f4 Qb6 6. Rb1 e6 7. Nf3 Bb4 8. Bd3
Ng4 9. f5 f6 10. h3 fxg5 11. hxg4 Nf6 12. Nxg5 e5 13. Be2 e4 14. Nh3 c5 15. O-O
cxd4 16. exd4 g5 17. Bb5+ Ke7 18. Nxg5 Rg8 19. Nh3 Bxc3 20. bxc3 Nxg4 21. Be2
Qd6 22. Bxg4 Qg3 23. Nf2 Bxf5 24. Rxb7+ Kd8 25. Qe2 h5 26. Qb5 hxg4 27. Qxd5+
Kc8 28. Qxg8+ Kxb7 29. Rb1+ 1-0

[Event "VI Festival"]
[Site "Rocca Priora "]
[Date "2012.08.14"]
[Round "5"]
[White "Palermo, Stefano"]
[Black "Vuelban, Virgilio"]
[Result "0-1"]
[WhiteElo "2094"]
[BlackElo "2325"]
[PlyCount "44"]
[EventDate "2012.08.11"]
[EventCountry "ITA"]
[SourceDate "2005.09.12"]

1. d4 Nf6 2. Bg5 c5 3. Bxf6 gxf6 4. d5 Qb6 5. Nd2 Qxb2 6. Rb1 Qxa2 7. e4 Qa5 8.
Ngf3 d6 9. Bc4 a6 10. O-O b5 11. Ra1 Qb6 12. Qb1 Ra7 13. Be2 Nd7 14. Qb2 Bh6
15. Rfb1 Qc7 16. Qa2 b4 17. Nc4 Ne5 18. Ncxe5 fxe5 19. Bb5+ Bd7 20. Bxa6 O-O
21. Qc4 Rfa8 22. Qf1 c4 0-1

[Event "VI Festival"]
[Site "Rocca Priora "]
[Date "2012.08.14"]
[Round "6"]
[White "Albertini, Luca"]
[Black "Farina, Saverio"]
[Result "1/2-1/2"]
[WhiteElo "2122"]
[BlackElo "2120"]
[PlyCount "48"]
[EventDate "2012.08.11"]
[EventCountry "ITA"]
[SourceDate "2005.09.12"]

1. d4 d5 2. c4 e6 3. Nf3 c5 4. cxd5 exd5 5. g3 Nc6 6. Bg2 Nf6 7. O-O Be7 8. Nc3
O-O 9. Bg5 cxd4 10. Nxd4 h6 11. Bxf6 Bxf6 12. e3 Nxd4 13. exd4 Be6 14. Qb3 Bxd4
15. Nxd5 Bxd5 16. Bxd5 Qf6 17. Qf3 Bxb2 18. Rab1 Rad8 19. Bxb7 Rd2 20. Rfd1
Rfd8 21. Rxd2 Rxd2 22. Rd1 Rxd1+ 23. Qxd1 Bd4 24. Qf3 Qxf3 1/2-1/2

[Event "VI Festival"]
[Site "Rocca Priora "]
[Date "2012.08.14"]
[Round "6"]
[White "Baba, Masahiro"]
[Black "Trifoni, Giorgio"]
[Result "1-0"]
[WhiteElo "2233"]
[BlackElo "1661"]
[PlyCount "55"]
[EventDate "2012.08.11"]
[EventCountry "ITA"]
[SourceDate "2005.09.12"]

1. e4 c5 2. Nf3 e6 3. d4 cxd4 4. Nxd4 a6 5. Bd3 Qc7 6. O-O Nc6 7. Nf3 Bd6 8.
Qe2 Nf6 9. h3 Ne5 10. Nxe5 Bxe5 11. Nd2 d5 12. exd5 Nxd5 13. Re1 Bf6 14. Ne4
Be7 15. Qf3 Nf6 16. Bf4 Qb6 17. Be5 Qd8 18. Rad1 Bd7 19. Nxf6+ Bxf6 20. Bxf6
Qxf6 21. Qxb7 Qd8 22. Be4 Rb8 23. Rxd7 Rxb7 24. Rxd8+ Kxd8 25. Bxb7 Ke7 26.
Bxa6 Ra8 27. Bc4 h5 28. Ra1 1-0

[Event "VI Festival"]
[Site "Rocca Priora "]
[Date "2012.08.14"]
[Round "6"]
[White "Buratti, Marco"]
[Black "Gallucci, Alessio"]
[Result "0-1"]
[WhiteElo "1994"]
[BlackElo "2245"]
[PlyCount "70"]
[EventDate "2012.08.11"]
[EventCountry "ITA"]
[SourceDate "2005.09.12"]

1. d4 d5 2. Nc3 Nf6 3. Bg5 Nbd7 4. f3 c6 5. e4 dxe4 6. fxe4 Qa5 7. Bd2 e5 8.
Nf3 exd4 9. Nxd4 Qe5 10. Nf3 Qh5 11. Qe2 Ne5 12. Bf4 Bg4 13. Bxe5 Bxf3 14. Qxf3
Qxe5 15. a3 O-O-O 16. Bd3 Bc5 17. Na4 Bd4 18. c3 Rhe8 19. O-O-O Qg5+ 20. Kb1
Be5 21. h4 Qg4 22. Nc5 h5 23. Bc4 Bd6 24. Nd3 Re7 25. Nf2 Qg6 26. Rhe1 Bg3 27.
Rxd8+ Kxd8 28. Bd3 Bxh4 29. e5 Qg3 30. Qd1 Nd5 31. c4 Qxf2 32. Re2 Ne3 33. Qc1
Qf1 34. Qxf1 Nxf1 35. Re4 Nd2+ 0-1

[Event "VI Festival"]
[Site "Rocca Priora "]
[Date "2012.08.14"]
[Round "6"]
[White "Corvi, Marco"]
[Black "Carnicelli, Valerio"]
[Result "1/2-1/2"]
[WhiteElo "2283"]
[BlackElo "1998"]
[PlyCount "66"]
[EventDate "2012.08.11"]
[EventCountry "ITA"]
[SourceDate "2005.09.12"]

1. d4 d5 2. Nc3 Nf6 3. f3 e6 4. e4 c5 5. Bg5 cxd4 6. Qxd4 Nc6 7. Bb5 Be7 8.
Nge2 O-O 9. Bxc6 bxc6 10. e5 Nd7 11. Bxe7 Qxe7 12. f4 c5 13. Qd2 Rb8 14. b3
Qh4+ 15. g3 Qe7 16. O-O a6 17. Rae1 Nb6 18. f5 exf5 19. Nf4 d4 20. Ncd5 Nxd5
21. Nxd5 Qe6 22. Nf4 Qc6 23. Qg2 Qxg2+ 24. Nxg2 Be6 25. Nf4 Rfc8 26. Rd1 Rc7
27. Rf2 Rd8 28. Rfd2 Rcd7 29. Kf2 g6 30. h4 Kf8 31. Nd3 Rd5 32. Re1 Ke7 33. Kf3
Rc8 1/2-1/2

[Event "VI Festival"]
[Site "Rocca Priora "]
[Date "2012.08.14"]
[Round "6"]
[White "Ferretti, Folco"]
[Black "Napoli, Nicolo"]
[Result "0-1"]
[WhiteElo "2264"]
[BlackElo "2314"]
[PlyCount "80"]
[EventDate "2012.08.11"]
[EventCountry "ITA"]
[SourceDate "2005.09.12"]

1. e4 g6 2. d4 Bg7 3. Nf3 c5 4. dxc5 Qa5+ 5. Bd2 Qxc5 6. Nc3 Na6 7. g3 Nc7 8.
Bg2 Qc4 9. e5 Nh6 10. b3 Qa6 11. Ne4 Ng4 12. Bc3 Ne6 13. h3 Nh6 14. Bb2 O-O 15.
c4 b5 16. cxb5 Qxb5 17. Nc3 Qa6 18. Bf1 Qa5 19. Qd5 Nc5 20. Be2 Rb8 21. Qd2 Nf5
22. Ne4 Qxd2+ 23. Nexd2 Na4 24. Ba3 Nc3 25. g4 Nxe2 26. Kxe2 Ba6+ 27. Kd1 Nd6
28. Rc1 Nb5 29. Bxe7 Rfe8 30. Bf6 Bf8 31. a4 Na3 32. Re1 Bb4 33. Re3 Rec8 34.
Nd4 Rxc1+ 35. Kxc1 Rc8+ 36. Kd1 Bc3 37. e6 dxe6 38. Nc4 Bxd4 39. Bxd4 Nxc4 40.
bxc4 Rd8 0-1

[Event "VI Festival"]
[Site "Rocca Priora "]
[Date "2012.08.14"]
[Round "6"]
[White "Pescatore, Lorenzo"]
[Black "Caprio, Guido"]
[Result "1/2-1/2"]
[WhiteElo "2170"]
[BlackElo "2427"]
[PlyCount "116"]
[EventDate "2012.08.11"]
[EventCountry "ITA"]
[SourceDate "2005.09.12"]

1. e4 b6 2. d4 Bb7 3. Bd3 e6 4. Qe2 Nf6 5. Nf3 c5 6. c3 Be7 7. a3 c4 8. Bc2 Qc7
9. e5 Nd5 10. Ng5 f5 11. exf6 Nxf6 12. O-O O-O 13. Nd2 b5 14. Nde4 Nxe4 15.
Nxe4 Bd5 16. Qh5 g6 17. Qh6 Qc6 18. f3 Rf5 19. Bg5 Bf8 20. Qh4 Na6 21. Nf6+
Rxf6 22. Bxf6 Nc7 23. Be4 Ne8 24. Be7 Bg7 25. Bxd5 Qxd5 26. Qe4 Nc7 27. Qxd5
Nxd5 28. Bg5 a5 29. Rfc1 a4 30. Rf1 Rf8 31. Rae1 Rf7 32. Bd2 Bf8 33. g3 Bd6 34.
Bg5 Kg7 35. Kg2 Rf5 36. Bd2 Rf7 37. f4 Bc7 38. Rf3 Bd6 39. h3 h5 40. Ref1 Nf6
41. Kf2 Rf8 42. Ke2 Kh7 43. Rg1 Ne4 44. Kd1 Kg7 45. Rgf1 Nf6 46. Kc1 Bc7 47.
Rg1 Ne4 48. Kd1 Rf7 49. g4 hxg4 50. Rxg4 Nd6 51. h4 Kf6 52. Ke2 Nf5 53. Rh3 Rh7
54. Be1 Kf7 55. Kf3 Bd8 56. Rh1 Bf6 57. Bf2 d5 58. Rh3 Ne7 1/2-1/2

[Event "VI Festival"]
[Site "Rocca Priora "]
[Date "2012.08.14"]
[Round "6"]
[White "Pompa, Alessandro"]
[Black "Marzaduri, Riccardo"]
[Result "1-0"]
[WhiteElo "2065"]
[BlackElo "1826"]
[PlyCount "87"]
[EventDate "2012.08.11"]
[EventCountry "ITA"]
[SourceDate "2005.09.12"]

1. d4 Nf6 2. c4 g6 3. Nc3 Bg7 4. e4 d6 5. f3 Nbd7 6. Be3 c5 7. Qd2 Qb6 8. O-O-O
O-O 9. g4 Qb4 10. Kb1 Nb6 11. a3 Qa5 12. Nd5 Qxd2 13. Nxe7+ Kh8 14. Rxd2 Bxg4
15. dxc5 dxc5 16. fxg4 Rae8 17. Nd5 Nbxd5 18. cxd5 Rxe4 19. Re2 Nxd5 20. Bxc5
Rfe8 21. h3 b6 22. Bf2 Nf4 23. Rxe4 Rxe4 24. Nf3 h6 25. Bb5 Kg8 26. h4 Ne6 27.
Rg1 Rf4 28. Rg3 Bf6 29. Be3 Re4 30. Bxh6 Nc5 31. Kc2 Re6 32. h5 Kh7 33. Bd2 a6
34. Bf1 Rc6 35. Kb1 Rd6 36. Bc4 Rd7 37. Rh3 b5 38. Be2 Ne4 39. Be3 b4 40. axb4
Rb7 41. hxg6+ Kxg6 42. Bd3 Rxb4 43. Nd2 Rxb2+ 44. Kc1 1-0

[Event "VI Festival"]
[Site "Rocca Priora "]
[Date "2012.08.14"]
[Round "6"]
[White "Pulito, Alberto"]
[Black "Bighiu, Gheorghe"]
[Result "1-0"]
[WhiteElo "2252"]
[BlackElo "1977"]
[PlyCount "103"]
[EventDate "2012.08.11"]
[EventCountry "ITA"]
[SourceDate "2005.09.12"]

1. e4 e5 2. d4 exd4 3. Qxd4 Nf6 4. Nc3 Nc6 5. Qe3 Nb4 6. Bd3 d5 7. exd5+ Qe7 8.
Nf3 Nbxd5 9. Nxd5 Nxd5 10. Qxe7+ Bxe7 11. c3 O-O 12. O-O c6 13. h3 Bd6 14. Rd1
Bf4 15. Bc4 Bxc1 16. Raxc1 Nf4 17. Rd4 Ne6 18. Rd2 Rd8 19. Rcd1 Rxd2 20. Rxd2
Kf8 21. g3 b6 22. Bf1 Ke7 23. Ne5 Kf6 24. f4 g5 25. Ng4+ Ke7 26. f5 Nc5 27. b4
Na4 28. f6+ Ke6 29. Bg2 Bb7 30. Re2+ Kd6 31. Re7 Bc8 32. Ne5 Be6 33. Nxc6 Nxc3
34. Nd4 Nd5 35. Nb5+ Kc6 36. a4 a6 37. Nd4+ Kd6 38. Nxe6 fxe6 39. Rb7 Nxf6 40.
Rxb6+ Kc7 41. Rxe6 Rf8 42. Rxa6 Ne8 43. Rc6+ Kd7 44. Rc3 Ng7 45. a5 Ne6 46. a6
Nc7 47. a7 Na8 48. b5 Nb6 49. Rc6 Na8 50. b6 Nxb6 51. Rxb6 Kc7 52. Rb3 1-0

[Event "VI Festival"]
[Site "Rocca Priora "]
[Date "2012.08.14"]
[Round "6"]
[White "Vergoti, Stelian"]
[Black "Palermo, Stefano"]
[Result "0-1"]
[WhiteElo "1824"]
[BlackElo "2094"]
[PlyCount "102"]
[EventDate "2012.08.11"]
[EventCountry "ITA"]
[SourceDate "2005.09.12"]

1. e4 c5 2. Nf3 e6 3. d4 cxd4 4. Nxd4 Nf6 5. Nc3 Nc6 6. Be3 Bb4 7. f3 d5 8. Bb5
Bd7 9. O-O Bxc3 10. bxc3 Nxd4 11. Bxd7+ Qxd7 12. Bxd4 dxe4 13. fxe4 Qc7 14.
Bxf6 gxf6 15. Qd4 e5 16. Qa4+ Kf8 17. Qb4+ Kg7 18. Rad1 Rhd8 19. Rd5 Rac8 20.
Rfd1 Rxd5 21. exd5 Qc5+ 22. Qxc5 Rxc5 23. d6 Rc8 24. c4 b6 25. Rd5 Rd8 26. Kf2
f5 27. Rxe5 Rxd6 28. Ke3 Kf6 29. Rd5 Re6+ 30. Kd3 Re1 31. Kc3 Re2 32. Rd2 Rxd2
33. Kxd2 Ke5 34. Ke3 f4+ 35. Kd3 a6 36. a3 h6 37. a4 h5 38. h3 h4 39. c3 f6 40.
Kd2 Ke4 41. Ke2 a5 42. Kf2 Kd3 43. Kf3 Kxc3 44. Kxf4 Kxc4 45. g4 b5 46. axb5
Kxb5 47. Kf5 a4 48. Kxf6 a3 49. g5 a2 50. g6 a1=Q+ 51. Kf7 Qf1+ 0-1

[Event "VI Festival"]
[Site "Rocca Priora "]
[Date "2012.08.15"]
[Round "7"]
[White "Caprio, Guido"]
[Black "Ferretti, Folco"]
[Result "1-0"]
[WhiteElo "2427"]
[BlackElo "2264"]
[PlyCount "77"]
[EventDate "2012.08.11"]
[EventCountry "ITA"]
[SourceDate "2005.09.12"]

1. c4 c5 2. Nf3 Nf6 3. Nc3 Nc6 4. g3 d5 5. d4 e6 6. cxd5 Nxd5 7. Bg2 cxd4 8.
Nxd4 Nxc3 9. bxc3 Bd7 10. O-O Bc5 11. Be3 Bb6 12. c4 O-O 13. c5 Bc7 14. Rb1 e5
15. Nxc6 Bxc6 16. Bxc6 bxc6 17. Qa4 f5 18. Qxc6 Rf6 19. Qb7 f4 20. Rfd1 Qc8 21.
Qd5+ Kh8 22. Bd2 Qe8 23. Bc3 Rc8 24. Qd7 Qf8 25. c6 fxg3 26. hxg3 Rf7 27. Bb4
Qg8 28. Qd5 Bb6 29. Bc5 Bxc5 30. Qxc5 Qe8 31. Rd6 Rfc7 32. Rc1 h6 33. Qd5 Kh7
34. Re6 Re7 35. Rd6 e4 36. e3 Re5 37. Qd4 Qh5 38. c7 Qf5 39. Rd7 1-0

[Event "VI Festival"]
[Site "Rocca Priora "]
[Date "2012.08.15"]
[Round "7"]
[White "Carnicelli, Valerio"]
[Black "Baba, Masahiro"]
[Result "0-1"]
[WhiteElo "1998"]
[BlackElo "2233"]
[PlyCount "74"]
[EventDate "2012.08.11"]
[EventCountry "ITA"]
[SourceDate "2005.09.12"]

1. e4 c5 2. Nf3 d6 3. d4 cxd4 4. Nxd4 Nf6 5. Nc3 a6 6. f3 e5 7. Nb3 Be7 8. Be3
Be6 9. Qd2 O-O 10. O-O-O Nbd7 11. g4 b5 12. g5 b4 13. Ne2 Ne8 14. f4 a5 15. f5
Bxb3 16. cxb3 a4 17. bxa4 Rxa4 18. Kb1 Rxa2 19. Nc1 Ra5 20. Nb3 Ra8 21. Bc4 Nb6
22. Bxb6 Qxb6 23. f6 gxf6 24. gxf6 Nxf6 25. Rdf1 Kh8 26. Qh6 Qa7 27. Rhg1 Rg8
28. Rxg8+ Nxg8 29. Qh5 Nf6 30. Qxf7 Nxe4 31. Qd5 Nc3+ 32. bxc3 Qa2+ 33. Kc1
Bg5+ 34. Kd1 Qb1+ 35. Ke2 Ra2+ 36. Nd2 Rxd2+ 37. Qxd2 Qe4+ 0-1

[Event "VI Festival"]
[Site "Rocca Priora "]
[Date "2012.08.15"]
[Round "7"]
[White "Farina, Saverio"]
[Black "Palermo, Stefano"]
[Result "1-0"]
[WhiteElo "2120"]
[BlackElo "2094"]
[PlyCount "109"]
[EventDate "2012.08.11"]
[EventCountry "ITA"]
[SourceDate "2005.09.12"]

1. c4 e5 2. Nc3 d6 3. Nf3 f5 4. d4 e4 5. Nd2 Nf6 6. e3 c6 7. f3 d5 8. Qb3 Qb6
9. Qxb6 axb6 10. Be2 Na6 11. cxd5 cxd5 12. fxe4 fxe4 13. O-O Nc7 14. Nb3 Bd7
15. Bd2 Bd6 16. Rac1 Ke7 17. a3 h5 18. Na2 Rac8 19. Bb4 Rhf8 20. h3 g5 21. Nd2
Bxb4 22. Nxb4 Kd6 23. Nb1 g4 24. h4 g3 25. Nc3 Ng4 26. Bxg4 Bxg4 27. Rxf8 Rxf8
28. Rf1 Rxf1+ 29. Kxf1 b5 30. Ke1 Ke6 31. Nb1 Ne8 32. Nc3 Nc7 33. Nba2 Kf5 34.
Nc1 Bf3 35. gxf3 exf3 36. Nd3 Kg4 37. Ne5+ Kxh4 38. Nxf3+ Kg4 39. Ne5+ Kh3 40.
Kf1 h4 41. Kg1 g2 42. Ne2 Ne6 43. b3 Ng5 44. Nf4+ Kg3 45. Nxg2 h3 46. Nf4 h2+
47. Kh1 Ne4 48. Ned3 Nd2 49. b4 Kf3 50. Nxd5 Ke4 51. N5f4 Kxe3 52. d5 Nc4 53.
Kxh2 Ke4 54. Kg3 Ne3 55. Nc5+ 1-0

[Event "VI Festival"]
[Site "Rocca Priora "]
[Date "2012.08.15"]
[Round "7"]
[White "Gallucci, Alessio"]
[Black "Vuelban, Virgilio"]
[Result "1-0"]
[WhiteElo "2245"]
[BlackElo "2325"]
[PlyCount "93"]
[EventDate "2012.08.11"]
[EventCountry "ITA"]
[SourceDate "2005.09.12"]

1. d4 Nf6 2. Bg5 c5 3. d5 Qb6 4. Nc3 Qxb2 5. Bd2 Qb6 6. e4 d6 7. f4 Qd8 8. Nf3
Na6 9. Bc4 Nc7 10. e5 b5 11. Nxb5 Nfxd5 12. Ba5 Nb6 13. Bxb6 axb6 14. Bxf7+
Kxf7 15. Nxc7 Qxc7 16. Qd5+ e6 17. Ng5+ Kg6 18. Qxa8 dxe5 19. O-O h6 20. Nh3
Bb7 21. Qe8+ Kh7 22. Qh5 Qe7 23. fxe5 g6 24. Qg4 Bg7 25. Nf4 g5 26. Qxe6 Qxe6
27. Nxe6 Bxe5 28. Rae1 Ba6 29. Rxe5 Bxf1 30. Kxf1 Ra8 31. Re2 Rxa2 32. Nf8+ Kg7
33. Nd7 Rb2 34. Ke1 Kg6 35. Kd1 Kf7 36. Re5 Kg7 37. Re6 Rb4 38. Nxb6 Rd4+ 39.
Ke2 h5 40. Rc6 h4 41. Rxc5 Re4+ 42. Kf2 Re6 43. Nd5 Kg6 44. Nc3 Rd6 45. Ke2 Kf6
46. Ra5 Rd4 47. Ra6+ 1-0

[Event "VI Festival"]
[Site "Rocca Priora "]
[Date "2012.08.15"]
[Round "7"]
[White "Luigi, Rinaldo"]
[Black "Buratti, Marco"]
[Result "0-1"]
[WhiteElo "1793"]
[BlackElo "1994"]
[PlyCount "50"]
[EventDate "2012.08.11"]
[EventCountry "ITA"]
[SourceDate "2005.09.12"]

1. e4 e5 2. Nf3 Nc6 3. Bb5 Bc5 4. d3 Qf6 5. Nc3 Nge7 6. O-O Nd4 7. Bg5 Nxf3+ 8.
Qxf3 Qxg5 9. a4 O-O 10. Bc4 d6 11. a5 a6 12. Rfb1 Nc6 13. Ne2 Bg4 14. Qg3 Qh5
15. Nc3 Nd4 16. h3 Be6 17. b4 Ba7 18. Bb3 Bxb3 19. cxb3 f5 20. Ra2 fxe4 21.
dxe4 c6 22. Kh1 Rf6 23. f3 Raf8 24. Kh2 Nxf3+ 25. gxf3 Rxf3 0-1

[Event "VI Festival"]
[Site "Rocca Priora "]
[Date "2012.08.15"]
[Round "7"]
[White "Maggi, Fabrizio"]
[Black "Corvi, Marco"]
[Result "0-1"]
[WhiteElo "2105"]
[BlackElo "2283"]
[PlyCount "69"]
[EventDate "2012.08.11"]
[EventCountry "ITA"]
[SourceDate "2005.09.12"]

1. c4 e5 2. Nc3 Nf6 3. Nf3 Nc6 4. e3 d5 5. cxd5 Nxd5 6. Bb5 Nxc3 7. bxc3 Bd6 8.
d4 e4 9. Nd2 Qg5 10. Bf1 Qg6 11. Rb1 O-O 12. Qc2 Re8 13. g3 b6 14. Bg2 f5 15.
O-O h5 16. f4 Ba6 17. c4 Na5 18. Rf2 h4 19. gxh4 Be7 20. h5 Qg4 21. h3 Qg3 22.
Nf1 Qh4 23. Nd2 Rad8 24. h6 Rd6 25. Bb2 Rg6 26. c5 Bd3 27. Qa4 Rd8 28. Rc1 Qxh3
29. cxb6 Bh4 30. h7+ Kxh7 31. Rcf1 Bxf1 32. Kxf1 Qxe3 33. Re2 Qxf4+ 34. Kg1
axb6 35. Qb5 0-1

[Event "VI Festival"]
[Site "Rocca Priora "]
[Date "2012.08.15"]
[Round "7"]
[White "Pompa, Alessandro"]
[Black "Pescatore, Lorenzo"]
[Result "1-0"]
[WhiteElo "2065"]
[BlackElo "2170"]
[PlyCount "75"]
[EventDate "2012.08.11"]
[EventCountry "ITA"]
[SourceDate "2005.09.12"]

1. d4 Nf6 2. c4 e6 3. g3 Bb4+ 4. Nd2 O-O 5. a3 Bxd2+ 6. Qxd2 d6 7. b4 Qe7 8.
Bg2 e5 9. dxe5 dxe5 10. Nf3 Nbd7 11. O-O c5 12. Rd1 e4 13. Ng5 h6 14. Nh3 Ne5
15. bxc5 Bxh3 16. Bxh3 Rfd8 17. Qc2 Rxd1+ 18. Qxd1 Qxc5 19. Be3 Qxc4 20. Rc1
Qa6 21. Rc7 Qxa3 22. Bc8 Qa5 23. Qd8+ Kh7 24. Bd2 Qb6 25. Qe7 Nd5 26. Bf5+ Kg8
27. Qxe5 Nxc7 28. Ba5 Qb1+ 29. Kg2 Ne6 30. Bc3 f6 31. Qxe6+ Kh8 32. Bxf6 Qb6
33. Bxg7+ Kxg7 34. Qe7+ Kg8 35. Be6+ Kh8 36. Qf6+ Kh7 37. Qf7+ Kh8 38. Bf5 1-0

[Event "VI Festival"]
[Site "Rocca Priora "]
[Date "2012.08.15"]
[Round "7"]
[White "Saponara, Nicola"]
[Black "Albertini, Luca"]
[Result "0-1"]
[WhiteElo "1808"]
[BlackElo "2122"]
[PlyCount "88"]
[EventDate "2012.08.11"]
[EventCountry "ITA"]
[SourceDate "2005.09.12"]

1. e4 e5 2. Nf3 Nc6 3. Bc4 Bc5 4. c3 Nf6 5. d4 exd4 6. cxd4 Bb4+ 7. Nc3 Nxe4 8.
O-O Bxc3 9. d5 Bf6 10. Re1 Ne7 11. Rxe4 d6 12. Bg5 Bxg5 13. Nxg5 h6 14. Qh5 O-O
15. Rae1 Ng6 16. Nxf7 Qf6 17. Nxh6+ gxh6 18. Qxh6 Qxf2+ 19. Kh1 Qf6 20. h3 Ne5
21. Qxf6 Rxf6 22. Rf1 Rxf1+ 23. Bxf1 Bf5 24. Re3 Rf8 25. Be2 Rf7 26. Kh2 Bb1
27. a4 a5 28. g4 Rf4 29. b3 Re4 30. Rxe4 Bxe4 31. g5 Bxd5 32. Bd1 Nf3+ 33. Kg3
Nd2 34. Kf4 Bxb3 35. Bg4 Bxa4 36. h4 Bb3 37. h5 a4 38. g6 a3 39. h6 a2 40. Kg5
a1=Q 41. Bf5 Qg1+ 42. Kf6 Qd4+ 43. Ke7 Qe5+ 44. Kd8 Qxf5 0-1

[Event "VI Festival"]
[Site "Rocca Priora "]
[Date "2012.08.15"]
[Round "7"]
[White "Spano Cuomo, Gaetano"]
[Black "Ravagnani, Tiziano"]
[Result "1-0"]
[WhiteElo "1804"]
[BlackElo "1998"]
[PlyCount "109"]
[EventDate "2012.08.11"]
[EventCountry "ITA"]
[SourceDate "2005.09.12"]

1. d4 Nf6 2. c4 g6 3. Nc3 d5 4. e3 Bg7 5. Nf3 c5 6. dxc5 Qa5 7. Bd2 Qxc5 8.
cxd5 O-O 9. Rc1 Na6 10. Qb3 Qd6 11. Be2 Nc5 12. Qc4 Bd7 13. Nb5 Bxb5 14. Qxc5
Bxe2 15. Qxd6 exd6 16. Kxe2 Nxd5 17. Rc2 Rfe8 18. Rhc1 Nf4+ 19. Kf1 Nd3 20. Rd1
a5 21. Ne1 Ne5 22. Ke2 b5 23. b3 b4 24. Bc1 Rac8 25. Bb2 Nc6 26. Bxg7 Kxg7 27.
Kd2 Na7 28. Rdc1 Rcd8 29. Nf3 Nb5 30. Nd4 Nc3 31. f3 d5 32. a4 f5 33. f4 Re4
34. Nc6 Rde8 35. Ne5 d4 36. exd4 Rxd4+ 37. Ke3 Re4+ 38. Kf3 Nd5 39. g3 Re3+ 40.
Kf2 Rxb3 41. Rc5 Rb2+ 42. Kg1 Nc3 43. Re1 Rd8 44. Rc7+ Kg8 45. Nd7 Nd5 46. Ra7
Rd2 47. Nc5 Rc2 48. Rxa5 Rc8 49. Nb3 Nf6 50. Rb5 Rb2 51. Rxb4 Rcc2 52. Rb8+ Kg7
53. Rb7+ Kh6 54. Nc5 Rxc5 55. Rxb2 1-0

[Event "I Festival Scacchisti.It A"]
[Site "Acqui"]
[Date "2012.07.23"]
[Round "1"]
[White "Bernard, Nicolas"]
[Black "Drazic, Sinisa"]
[Result "0-1"]
[WhiteElo "2053"]
[BlackElo "2532"]
[PlyCount "110"]
[EventDate "2012.07.23"]
[EventType "swiss"]
[EventRounds "9"]
[EventCountry "ITA"]
[SourceDate "2005.09.12"]

1. d4 Nc6 2. Nf3 e6 3. Bf4 Nf6 4. e3 Nh5 5. Bg5 Be7 6. Bxe7 Qxe7 7. a3 O-O 8.
Be2 d6 9. O-O f5 10. c4 Nf6 11. Nc3 Nd8 12. Qc2 Nf7 13. Bd3 g6 14. e4 Nh5 15.
exf5 exf5 16. Nd5 Qd8 17. Rfe1 Kg7 18. Qd2 c6 19. Nf4 Nxf4 20. Qxf4 Bd7 21. h4
h6 22. c5 g5 23. Qc1 g4 24. Nd2 Qxh4 25. Qc3 Qf6 26. cxd6 Nxd6 27. Re2 Rae8 28.
Rae1 Rxe2 29. Rxe2 Re8 30. Rxe8 Bxe8 31. Qc5 b6 32. Qe5 Bf7 33. f4 gxf3 34.
Nxf3 f4 35. b4 Qxe5 36. dxe5 Nc4 37. Bxc4 Bxc4 38. Nd4 Bd5 39. Kf2 Kg6 40. e6
Kf6 41. Ne2 f3 42. gxf3 Kxe6 43. f4 Kf5 44. Ke3 h5 45. Nd4+ Kg4 46. Ne2 h4 47.
Kf2 h3 48. Kg1 Kf3 49. Nc3 Kxf4 50. b5 Ke3 51. bxc6 Bxc6 52. a4 a6 53. Kh2 Kd2
54. Nb1+ Kc2 55. Na3+ Kb3 0-1

[Event "I Festival Scacchisti.It A"]
[Site "Acqui"]
[Date "2012.07.23"]
[Round "1"]
[White "Cantoro, Daniele"]
[Black "Collutiis, Duilio"]
[Result "0-1"]
[WhiteElo "2033"]
[BlackElo "2508"]
[PlyCount "81"]
[EventDate "2012.07.23"]
[EventType "swiss"]
[EventRounds "9"]
[EventCountry "ITA"]
[SourceDate "2005.09.12"]

1. e4 c5 2. Nf3 Nc6 3. c3 d5 4. exd5 Qxd5 5. d4 Nf6 6. dxc5 Qxd1+ 7. Kxd1 Bf5
8. Be3 Nd5 9. Nd4 O-O-O 10. Kc1 Nxd4 11. Bxd4 e5 12. Bxe5 Bxc5 13. Bg3 Ne3 14.
b4 Rd1+ 15. Kb2 Nxf1 16. bxc5 Re8 17. Rxf1 Rxf1 18. Nd2 Rxa1 19. Kxa1 Re2 20.
Nc4 Be6 21. Nd6+ Kd7 22. Nb5 Bc4 23. Nd6 Bd5 24. c4 Be6 25. Nb5 Bxc4 26. Nc3
Rc2 27. Ne4 Rxa2+ 28. Kb1 Ra5 29. Kc2 Bd5 30. Nc3 Rxc5 31. f3 Bc6 32. Bf2 Rh5
33. h4 g5 34. hxg5 Rxg5 35. Bxa7 Rxg2+ 36. Kd3 h5 37. Nd1 Ra2 38. Bb8 h4 39.
Nc3 Rg2 40. Ne2 Bb5+ 41. Kd4 0-1

[Event "I Festival Scacchisti.It A"]
[Site "Acqui"]
[Date "2012.07.23"]
[Round "1"]
[White "Rombaldoni, Denis"]
[Black "Astengo, Marcello"]
[Result "1-0"]
[WhiteElo "2529"]
[BlackElo "2033"]
[PlyCount "75"]
[EventDate "2012.07.23"]
[EventType "swiss"]
[EventRounds "9"]
[EventCountry "ITA"]
[SourceDate "2005.09.12"]

1. d4 d5 2. Nf3 c5 3. c4 e6 4. cxd5 exd5 5. g3 Nf6 6. Bg2 Nc6 7. Nc3 Be7 8. O-O
h6 9. Be3 c4 10. Ne5 O-O 11. b3 Qa5 12. Bd2 Bb4 13. Nxc6 bxc6 14. Qe1 Bf5 15.
bxc4 Rfe8 16. Qc1 Ba3 17. Nxd5 cxd5 18. Bxa5 Bxc1 19. Rfxc1 Rxe2 20. cxd5 Rb8
21. Bf3 Reb2 22. d6 g5 23. Bg2 Re2 24. Bf1 Reb2 25. Bg2 Re2 26. Rc5 Be6 27. d5
Bf5 28. Bf3 Reb2 29. Bc3 Rb1+ 30. Rxb1 Rxb1+ 31. Kg2 Ne8 32. g4 Bd7 33. Be5 Re1
34. Bg3 Ra1 35. Ra5 h5 36. h3 hxg4 37. hxg4 f5 38. Rxa7 1-0

[Event "I Festival Scacchisti.It A"]
[Site "Acqui"]
[Date "2012.07.23"]
[Round "1"]
[White "Sanchez, Joseph"]
[Black "Zamengo, Fulvio"]
[Result "1-0"]
[WhiteElo "2541"]
[BlackElo "2074"]
[PlyCount "76"]
[EventDate "2012.07.23"]
[EventType "swiss"]
[EventRounds "9"]
[EventCountry "ITA"]
[SourceDate "2005.09.12"]

1. e4 e6 2. d4 d5 3. Nc3 Bb4 4. e5 c5 5. a3 Bxc3+ 6. bxc3 Ne7 7. Qg4 Qc7 8.
Qxg7 Rg8 9. Qxh7 cxd4 10. Ne2 Nbc6 11. f4 dxc3 12. Qd3 Bd7 13. Qxc3 O-O-O 14.
Rb1 Nf5 15. Rg1 d4 16. Qd3 f6 17. exf6 e5 18. g3 Nd6 19. fxe5 Nxe5 20. Qb3 Rge8
21. Bf4 Bc6 22. Bg2 Ne4 23. f7 Re7 24. Rd1 Nc5 25. Qb4 Na6 26. Qxd4 Rf8 27.
Bxc6 bxc6 28. Bxe5 Rxe5 29. Rf1 Qe7 30. Rf2 Nc5 31. Qc4 Re4 32. Rd4 Rxd4 33.
Qxd4 Ne4 34. Rf3 Nd6 35. Qc5 Kc7 36. Qxa7+ Nb7 37. Rb3 Rb8 38. Qb6+ Kc8 1-0

[Event "I Festival Scacchisti.It A"]
[Site "Acqui"]
[Date "2012.07.23"]
[Round "1"]
[White "Tratar, Marko"]
[Black "Fuggetta, Leonardo"]
[Result "1-0"]
[WhiteElo "2495"]
[BlackElo "2019"]
[PlyCount "71"]
[EventDate "2012.07.23"]
[EventType "swiss"]
[EventRounds "9"]
[EventCountry "ITA"]
[SourceDate "2005.09.12"]

1. Nf3 d6 2. d4 Bg4 3. c4 Nd7 4. e4 e5 5. Be2 Ngf6 6. Nc3 c6 7. O-O Be7 8. Be3
O-O 9. d5 a5 10. Nd2 Bxe2 11. Qxe2 Nxe4 12. Ndxe4 f5 13. c5 fxe4 14. cxd6 Bxd6
15. dxc6 bxc6 16. Qc4+ Kh8 17. Qxc6 Qc7 18. Qxc7 Bxc7 19. Nxe4 Bb6 20. Bxb6
Nxb6 21. Rac1 Na4 22. Rc2 Rac8 23. Rfc1 Rxc2 24. Rxc2 Rd8 25. f3 Kg8 26. b3 Nb6
27. Rc6 Rb8 28. Rc5 a4 29. Rxe5 axb3 30. axb3 Nd7 31. Rd5 Nf8 32. Rd3 Ne6 33.
g3 Rb4 34. Kf2 Nd4 35. Nd2 Kf7 36. Rc3 1-0